000 00948nam a2200205 i 4500
001 94920
003 ES-MaACL
005 20230906181602.0
007 t|
008 050518s1932 cu ||||1| spa d
100 1 _aLufríu y Alonso, René.
_9158595
245 1 3 _aLa vida de la Academia de la Historia
_b: (1931-1932) /
_cmemoria leída por el secretario Dr. René Lufriu y Alonso ; informes presentados por los señores capitán d. Joaquín Llaverías ... d. Carlos M. Trelles ... dr. José A. Rodríguez García ... dr. Emeterio S. Santovenia ... y concurso a premio del año de 1932.
260 _aLa Habana :
_bEl Siglo XX,
_c1932.
300 _a62 p. ;
_c28 cm.
500 _aPrecede al tít: Academia de la Historia de Cuba.
500 _aInformes y concurso a premio del año 1932.
610 2 4 _aAcademia de la Historia de Cuba-
_vMemorias.
_9158598
710 2 _aAcademia de la Historia de Cuba.
_91183
852 _aES-MaACL
_j1763-F-17
999 _c94920
_d94920